[Event "CZE-ch 2020"]
[Site "Pilsen"]
[Date "2020.08.28"]
[Round "6.15"]
[White "Brejnik, Gustav"]
[Black "Nemec, Jachym"]
[Result "1-0"]
[WhiteElo "2265"]
[BlackElo "2150"]
[Annotator "ChessBase"]
[PlyCount "63"]
[EventDate "2020.08.23"]
[EventType "swiss"]
[EventCountry "CZE"]
[SourceTitle "playchess.com"]
[Source "ChessBase"]
[SourceQuality "1"]
[TimeControl "40/5400+30:1800+30"]

1. d4 {[%emt 0:00:00]} d5 {[%emt 0:00:00]} 2. c4 {[%emt 0:00:00]} c6 {[%emt 0:00:00]} 3. Nf3 {[%emt 0:00:00]} Nf6 {[%emt 0:00:00]} 4. Qb3 {[%emt 0:00:09]} e6 {[%emt 0:01:23]} 5. Bg5 {[%emt 0:00:26]} Be7 {[%emt 0:00:28]} 6. e3 {[%emt 0:01:38]} O-O {[%emt 0:00:12]} 7. Nc3 {[%emt 0:00:44]} Nbd7 {[%emt 0:04:34]} 8. Rc1 {[%emt 0:00:59]} Re8 {[%emt 0:05:09]} 9. Bd3 {[%emt 0:13:39]} dxc4 {[%emt 0:06:15]} 10. Bxc4 {[%emt 0:01:13]} Nd5 {[%emt 0:05:57]} 11. Bxe7 {[%emt 0:02:20]} Qxe7 {[%emt 0:00:32]} 12. e4 {[%emt 0:14:50]} b5 {[%emt 0:05:55]} 13. Bxd5 {[%emt 0:20:45]} exd5 {[%emt 0:00:33]} 14. O-O {[%emt 0:02:19]} b4 {[%emt 0:11:43]} 15. exd5 {[%emt 0:01:11]} bxc3 {[%emt 0:01:33]} 16. Rce1 {[%emt 0:00:07]} Qf8 {[%emt 0:01:14]} 17. Rxe8 {[%emt 0:04:00]} Qxe8 {[%emt 0:00:09]} 18. Re1 {[%emt 0:00:06]} Qf8 {[%emt 0:01:09]} 19. dxc6 {[%emt 0:00:08]} Nb6 {[%emt 0:01:09]} 20. Qxc3 {[%emt 0:04:08]} Be6 {[%emt 0:00:42]} 21. Ne5 {[%emt 0:07:37]} Rc8 {[%emt 0:08:48]} 22. Qa5 {[%emt 0:06:36]} Rc7 {[%emt 0:01:21]} 23. b4 {[%emt 0:00:33]} Bd5 {[%emt 0:05:42]} 24. b5 {[%emt 0:00:07]} f6 {[%emt 0:00:35]} 25. Nd7 {[%emt 0:00:28]} Rxd7 {[%emt 0:09:31]} 26. cxd7 {[%emt 0:00:05]} Nxd7 {[%emt 0:00:07]} 27. Qxa7 {[%emt 0:01:09]} Qb4 {[%emt 0:00:45]} 28. Re8+ {[%emt 0:04:52]} Nf8 {[%emt 0:00:26]} 29. h3 {[%emt 0:01:33]} Qb1+ {[%emt 0:00:58]} 30. Kh2 {[%emt 0:00:02]} Bf7 {[%emt 0:03:38]} 31. Rd8 {[%emt 0:00:54]} Qxb5 {[%emt 0:04:30]} 32. Qe7 {[%emt 0:00:23]} 1-0

[Event "CZE-ch 2020"]
[Site "Pilsen"]
[Date "2020.08.28"]
[Round "6.16"]
[White "Gnojek, Petr"]
[Black "Klement, Lukas"]
[Result "1-0"]
[WhiteElo "2225"]
[BlackElo "2260"]
[Annotator "NA"]
[PlyCount "93"]
[EventDate "2020.08.23"]
[EventType "swiss"]
[EventCountry "CZE"]
[SourceTitle "playchess.com"]
[Source "ChessBase"]
[SourceQuality "1"]
[TimeControl "40/5400+30:1800+30"]

1. d4 {[%emt 0:00:00]} d5 {[%emt 0:00:00]} 2. c4 {[%emt 0:00:00]} c6 {[%emt 0:00:00]} 3. Nc3 {[%emt 0:00:06]} dxc4 {[%emt 0:00:44]} 4. Nf3 {[%emt 0:00:54]} Nf6 {[%emt 0:01:20]} 5. a4 {[%emt 0:00:24]} Bf5 {[%emt 0:00:26]} 6. e3 {[%emt 0:00:08]} e6 {[%emt 0:00:23]} 7. Bxc4 {[%emt 0:00:11]} Bb4 {[%emt 0:00:21]} 8. O-O {[%emt 0:00:21]} O-O {[%emt 0:01:03]} 9. Qe2 {[%emt 0:00:32]} Bg6 {[%emt 0:00:27]} 10. Ne5 {[%emt 0:00:33]} Nbd7 {[%emt 0:00:51]} 11. Nxg6 {[%emt 0:00:16]} hxg6 {[%emt 0:00:07]} 12. Rd1 {[%emt 0:00:18]} Qe7 {[%emt 0:00:42]} 13. Qc2 {[%emt 0:06:57]} e5 {[%emt 0:05:06]} 14. Qxg6 {[%emt 0:02:46]} Nb6 {[%emt 0:06:39]} 15. Bb3 {[%emt 0:02:27]} Nbd5 {[%emt 0:02:32]} 16. Nxd5 {[%emt 0:02:12]} cxd5 {[%emt 0:00:27]} 17. Qg5 {[%emt 0:01:23]} exd4 $16 {[%emt 0:09:30]} 18. Rxd4 {[%emt 0:05:07]} Bd6 {[%emt 0:07:45]} 19. Bd2 {[%emt 0:05:05]} Rfe8 {[%emt 0:11:39]} 20. Bc3 {[%emt 0:12:40]} Be5 {[%emt 0:05:40]} 21. Rd3 {[%emt 0:00:19]} Bxc3 {[%emt 0:01:34]} 22. Rxc3 {[%emt 0:00:05]} d4 {[%emt 0:03:30]} 23. Rd3 {[%emt 0:00:06]} Rad8 {[%emt 0:02:16]} 24. h3 {[%emt 0:01:10]} dxe3 {[%emt 0:27:04]} 25. Rxe3 {[%emt 0:00:34]} Qf8 {[%emt 0:00:51]} 26. Rf3 {[%emt 0:08:35]} Rd6 {[%emt 0:03:18]} 27. Rc1 {[%emt 0:05:37]} Re7 {[%emt 0:02:17]} 28. Re3 {[%emt 0:03:55]} Qd8 {[%emt 0:05:02]} 29. Rc8 {[%emt 0:00:46]} Qxc8 {[%emt 0:00:11]} 30. Rxe7 {[%emt 0:00:04]} Rd7 {[%emt 0:02:08]} 31. Bxf7+ {[%emt 0:00:28]} Kf8 {[%emt 0:00:07]} 32. Rxd7 {[%emt 0:00:25]} Qxd7 {[%emt 0:00:12]} 33. Bb3 {[%emt 0:00:34]} b6 {[%emt 0:01:13]} 34. Qe5 {[%emt 0:06:01]} Qd2 {[%emt 0:00:45]} 35. g4 {[%emt 0:01:27]} Qc1+ {[%emt 0:00:28]} 36. Kh2 {[%emt 0:00:22]} Qd2 {[%emt 0:00:28]} 37. Kg2 {[%emt 0:00:07]} Qd7 {[%emt 0:00:35]} 38. Qe6 {[%emt 0:05:03]} Qb7+ {[%emt 0:00:34]} 39. f3 {[%emt 0:00:52]} Qc7 {[%emt 0:00:30]} 40. g5 {[%emt 0:00:38]} Ne8 {[%emt 0:00:40]} 41. Qg8+ {[%emt 0:31:14]} Ke7 {[%emt 0:30:06]} 42. Qf7+ {[%emt 0:00:03]} Kd8 {[%emt 0:00:05]} 43. Qxc7+ {[%emt 0:00:25]} Kxc7 {[%emt 0:00:16]} 44. Kg3 {[%emt 0:01:08]} Nd6 {[%emt 0:00:32]} 45. h4 {[%emt 0:00:41]} Nf5+ {[%emt 0:00:32]} 46. Kg4 {[%emt 0:00:05]} g6 {[%emt 0:00:17]} 47. h5 {[%emt 0:00:26]} 1-0

[Event "CZE-ch 2020"]
[Site "Pilsen"]
[Date "2020.08.28"]
[Round "6.17"]
[White "Serrano Salvador, Eduardo"]
[Black "Jun, Rudolf"]
[Result "1/2-1/2"]
[WhiteElo "2299"]
[BlackElo "2094"]
[Annotator "NA"]
[PlyCount "88"]
[EventDate "2020.08.23"]
[EventType "swiss"]
[EventCountry "CZE"]
[SourceTitle "playchess.com"]
[Source "ChessBase"]
[SourceQuality "1"]
[TimeControl "40/5400+30:1800+30"]

1. d4 {[%emt 0:00:00]} Nf6 {[%emt 0:00:00]} 2. Nf3 {[%emt 0:00:00]} g6 {[%emt 0:00:10]} 3. c4 {[%emt 0:00:01]} Bg7 {[%emt 0:00:34]} 4. Nc3 {[%emt 0:00:29]} O-O {[%emt 0:00:23]} 5. Bf4 {[%emt 0:00:23]} d6 {[%emt 0:00:37]} 6. h3 {[%emt 0:00:23]} Nbd7 {[%emt 0:01:16]} 7. e3 {[%emt 0:00:28]} a6 {[%emt 0:01:54] 7...b6 is the modern continuation.} 8. Be2 {[%emt 0:00:54]} c6 {[%emt 0:00:46]} 9. O-O {[%emt 0:00:29] E61: King's Indian: Early deviations for White, including Smyslov System.} Re8 {[%emt 0:05:49]} 10. Rc1 {[%emt 0:01:49]} b6 {[%emt 0:02:24]} 11. b4 {[%emt 0:04:02] [#]} Bb7 $146 {[%emt 0:03:09]} ({Predecessor:} 11... a5 12. a3 Bb7 13. Qb3 axb4 14. axb4 h6 15. Rfd1 Ra7 16. c5 Bf8 17. e4 Qa8 {1-0 (41) Liascovich,L (2328)-Bibiloni,J (2210) Buenos Aires 2002}) 12. Qb3 {[%emt 0:05:41]} e5 {[%emt 0:01:49]} 13. Bh2 {[%emt 0:01:10]} exd4 {[%emt 0:14:40]} 14. exd4 {[%emt 0:01:28]} d5 {[%emt 0:00:58]} 15. Rfe1 {[%emt 0:07:08]} Rc8 {[%emt 0:05:20]} 16. a4 {[%emt 0:07:33]} Ne4 {[%emt 0:04:32]} 17. cxd5 {[%emt 0:02:28]} Nxc3 {[%emt 0:02:00]} 18. Qxc3 {[%emt 0:02:34]} cxd5 {[%emt 0:00:51]} 19. Bc7 {[%emt 0:01:34]} Qf6 {[%emt 0:00:26]} 20. Qd2 {[%emt 0:00:17]} h5 {[%emt 0:06:01]} 21. Bd3 {[%emt 0:10:56]} Rxe1+ {[%emt 0:15:44]} 22. Qxe1 {[%emt 0:01:17]} Bh6 {[%emt 0:03:57]} 23. Rc2 {[%emt 0:00:27]} Bg7 {[%emt 0:02:19]} 24. Qe2 {[%emt 0:01:21]} Nf8 {[%emt 0:03:43]} 25. Bxa6 {[%emt 0:04:17]} Bxa6 {[%emt 0:00:40]} 26. Qxa6 {[%emt 0:00:13]} Qf5 {[%emt 0:00:43]} 27. a5 $14 {[%emt 0:06:59]} bxa5 {[%emt 0:04:44]} 28. b5 {[%emt 0:00:38]} Qxc2 {[%emt 0:01:02]} 29. Qxc8 {[%emt 0:00:06]} Qb1+ {[%emt 0:00:14]} 30. Kh2 {[%emt 0:00:05]} Qxb5 {[%emt 0:00:32]} 31. Bd6 {[%emt 0:00:05]} Qd7 {[%emt 0:02:06]} 32. Qb8 {[%emt 0:00:14]} f6 {[%emt 0:00:43]} 33. Bc5 {[%emt 0:02:38]} Kf7 {[%emt 0:00:39]} 34. Qa8 {[%emt 0:01:22]} a4 {[%emt 0:00:34]} 35. Ne1 {[%emt 0:00:56]} Ne6 {[%emt 0:02:34]} 36. Nd3 {[%emt 0:00:37]} f5 {[%emt 0:02:11]} 37. Nb4 {[%emt 0:02:30]} Qc7+ {[%emt 0:03:36]} 38. Kg1 {[%emt 0:00:28]} Nxc5 {[%emt 0:01:50]} 39. dxc5 {[%emt 0:00:18]} Qxc5 {[%emt 0:00:15]} 40. Qxa4 {[%emt 0:00:53]} Qc1+ {[%emt 0:00:52]} 41. Kh2 {[%emt 0:30:08]} Qf4+ {[%emt 0:35:36]} 42. Kg1 {[%emt 0:01:44]} Qc1+ {[%emt 0:00:00]} 43. Kh2 {[%emt 0:00:00]} Qf4+ {[%emt 0:00:00]} 44. Kg1 {[%emt 0:00:00]} Qc1+ {[%emt 0:00:00]} 1/2-1/2

[Event "CZE-ch 2020"]
[Site "Pilsen"]
[Date "2020.08.28"]
[Round "6.18"]
[White "Stalmach, Richard"]
[Black "Brozka, Karel"]
[Result "1-0"]
[WhiteElo "2273"]
[BlackElo "1991"]
[Annotator "ChessBase"]
[PlyCount "81"]
[EventDate "2020.08.23"]
[EventType "swiss"]
[EventCountry "CZE"]
[SourceTitle "playchess.com"]
[Source "ChessBase"]
[SourceQuality "1"]
[TimeControl "40/5400+30:1800+30"]

1. d4 {[%emt 0:00:00]} Nf6 {[%emt 0:00:00]} 2. c4 {[%emt 0:00:00]} c5 {[%emt 0:00:06]} 3. d5 {[%emt 0:00:05]} b5 {[%emt 0:00:16]} 4. cxb5 {[%emt 0:00:09]} a6 {[%emt 0:00:17]} 5. bxa6 {[%emt 0:00:12]} Bxa6 {[%emt 0:00:18]} 6. Nc3 {[%emt 0:00:06]} d6 {[%emt 0:00:24]} 7. Nf3 {[%emt 0:00:13]} g6 {[%emt 0:00:23]} 8. e4 {[%emt 0:00:07]} Bxf1 {[%emt 0:00:23]} 9. Kxf1 {[%emt 0:00:11]} Nbd7 {[%emt 0:00:10]} 10. g3 {[%emt 0:03:04]} Bg7 {[%emt 0:00:35]} 11. Kg2 {[%emt 0:00:31]} O-O {[%emt 0:00:23]} 12. Qe2 {[%emt 0:00:29]} Qb6 {[%emt 0:06:19]} 13. a4 {[%emt 0:00:31]} Rfb8 {[%emt 0:00:57]} 14. Nb5 {[%emt 0:00:45]} Ne8 {[%emt 0:01:07]} 15. Bg5 {[%emt 0:00:19]} Kf8 {[%emt 0:07:38]} 16. Ra3 {[%emt 0:06:45]} Nc7 {[%emt 0:02:00]} 17. Nxc7 {[%emt 0:00:14]} Qxc7 {[%emt 0:00:36]} 18. b3 {[%emt 0:00:19]} Bc3 {[%emt 0:07:55]} 19. Bh6+ {[%emt 0:03:54]} Bg7 {[%emt 0:04:17]} 20. Qe3 {[%emt 0:11:48]} Rb4 {[%emt 0:12:12]} 21. h4 Nf6 {[%emt 0:01:50]} 22. Nd2 {[%emt 0:10:20]} Rd4 {[%emt 0:11:54]} 23. h5 {[%emt 0:04:06]} Qb7 {[%emt 0:06:32]} 24. hxg6 {[%emt 0:01:21]} fxg6 {[%emt 0:04:25]} 25. Rh4 {[%emt 0:04:15]} Qb4 {[%emt 0:03:35]} 26. Ra2 {[%emt 0:01:46]} Bxh6 {[%emt 0:03:35]} 27. Qxh6+ {[%emt 0:00:15]} Ke8 {[%emt 0:02:38]} 28. Qe3 {[%emt 0:03:50]} Rb8 {[%emt 0:02:23]} 29. a5 {[%emt 0:02:32]} Kd7 {[%emt 0:04:02]} 30. Nc4 {[%emt 0:05:42]} Kc7 {[%emt 0:09:40]} 31. e5 {[%emt 0:02:20]} Nxd5 {[%emt 0:00:36]} 32. exd6+ {[%emt 0:00:09]} exd6 {[%emt 0:00:10]} 33. Rxh7+ {[%emt 0:00:31]} Kc6 {[%emt 0:01:02]} 34. Qe6 {[%emt 0:00:27]} Nf6 {[%emt 0:03:40]} 35. Qxf6 {[%emt 0:01:08]} Qxb3 {[%emt 0:02:26]} 36. Rb2 {[%emt 0:00:42]} Qxc4 {[%emt 0:00:17]} 37. Rxb8 {[%emt 0:00:00]} Qd5+ {[%emt 0:00:11]} 38. Qf3 {[%emt 0:00:00]} Qxf3+ {[%emt 0:01:13]} 39. Kxf3 {[%emt 0:00:00]} Ra4 {[%emt 0:00:06]} 40. Rb6+ {[%emt 0:00:20]} Kd5 {[%emt 0:00:04]} 41. Rd7 {[%emt 0:30:19]} 1-0

[Event "CZE-ch 2020"]
[Site "Pilsen"]
[Date "2020.08.28"]
[Round "6.19"]
[White "Eret, Jonas"]
[Black "Riha, Vojtech"]
[Result "0-1"]
[WhiteElo "2219"]
[BlackElo "2270"]
[Annotator "NA"]
[PlyCount "96"]
[EventDate "2020.08.23"]
[EventType "swiss"]
[EventCountry "CZE"]
[SourceTitle "playchess.com"]
[Source "ChessBase"]
[SourceQuality "1"]
[TimeControl "40/5400+30:1800+30"]

1. b3 {[%emt 0:02:07]} e5 {[%emt 0:00:12]} 2. Bb2 {[%emt 0:00:20]} Nc6 {[%emt 0:00:29]} 3. e3 {[%emt 0:00:49]} Nf6 {[%emt 0:00:29]} 4. Bb5 {[%emt 0:01:42]} Bd6 {[%emt 0:00:31]} 5. Na3 {[%emt 0:02:34]} Na5 {[%emt 0:00:43]} 6. Nc4 {[%emt 0:00:52] A01: Nimzowitsch-Larsen Opening.} Nxc4 {[%emt 0:00:07]} 7. Bxc4 {[%emt 0:00:04]} Qe7 {[%emt 0:01:11]} 8. Ne2 {[%emt 0:04:22]} c6 {[%emt 0:01:46]} 9. Ng3 {[%emt 0:08:54]} Bc7 {[%emt 0:02:23] [#]} 10. O-O $146 {[%emt 0:02:25]} ({Predecessor:} 10. Nf5 Qf8 11. d4 d6 12. Ng3 Qe7 13. dxe5 Ba5+ 14. c3 Qxe5 15. Qd4 Qxd4 16. exd4 {1-0 (47) Bagheri,M (2308)-Mozaffari,A (2134) Hamedan 2018}) 10... d5 {[%emt 0:03:05]} 11. Be2 {[%emt 0:00:18]} h5 {[%emt 0:01:20]} 12. f3 {[%emt 0:11:19]} h4 {[%emt 0:07:05]} 13. Nh1 {[%emt 0:00:05]} e4 {[%emt 0:01:27]} 14. f4 {[%emt 0:04:14]} Bf5 {[%emt 0:02:01]} 15. c4 {[%emt 0:04:21]} O-O-O {[%emt 0:03:22]} 16. Bd4 {[%emt 0:09:06]} c5 {[%emt 0:01:54]} 17. Bxf6 {[%emt 0:00:14]} Qxf6 {[%emt 0:00:06]} 18. cxd5 {[%emt 0:00:51]} g5 {[%emt 0:02:07]} 19. fxg5 {[%emt 0:04:50]} Qe5 {[%emt 0:00:46] [#]} 20. Rf4 $2 {[%emt 0:00:40] [#]} (20. Rxf5 $1 $16 Qxh2+ (20... Qxf5 21. Bg4) 21. Kf2) 20... Rxd5 {[%emt 0:01:22]} (20... Kb8 $1 $17 21. Qf1 Bg6) 21. Rc1 {[%emt 0:04:01]} Kb8 {[%emt 0:01:43]} 22. Bc4 $15 {[%emt 0:04:37]} Rd7 {[%emt 0:01:49]} 23. Nf2 {[%emt 0:02:11]} Bg6 {[%emt 0:03:39]} 24. Bb5 {[%emt 0:06:13]} Rd6 {[%emt 0:04:47]} 25. Rc2 {[%emt 0:06:00]} Qxg5 {[%emt 0:04:40]} 26. Nxe4 {[%emt 0:07:55]} Bxe4 {[%emt 0:07:36]} 27. Rxe4 {[%emt 0:00:09]} Rg6 {[%emt 0:05:25]} 28. Qf3 {[%emt 0:01:36]} Rhg8 {[%emt 0:02:27]} 29. Bf1 {[%emt 0:02:03]} Rf6 {[%emt 0:01:59]} 30. Qh3 {[%emt 0:00:53]} Qd5 {[%emt 0:01:21]} 31. Rec4 {[%emt 0:05:31]} Rf3 {[%emt 0:07:44]} 32. Rg4 {[%emt 0:03:02]} Rxf1+ {[%emt 0:02:06]} 33. Kxf1 {[%emt 0:00:04]} Qf5+ {[%emt 0:00:04]} 34. Qf3 {[%emt 0:00:20]} Qxg4 {[%emt 0:00:16]} 35. Qxg4 {[%emt 0:00:18]} Rxg4 {[%emt 0:00:05]} 36. Rxc5 {[%emt 0:00:22]} Bxh2 {[%emt 0:00:17]} 37. Rf5 {[%emt 0:00:11]} Rg7 {[%emt 0:00:43]} 38. Kf2 {[%emt 0:00:48]} Kc7 {[%emt 0:00:49]} 39. d4 {[%emt 0:00:33]} Kd7 {[%emt 0:01:25]} 40. Rb5 {[%emt 0:00:41]} b6 {[%emt 0:01:05]} 41. a4 {[%emt 0:30:28]} Rg6 {[%emt 0:31:16]} 42. Rd5+ {[%emt 0:00:14]} Ke6 {[%emt 0:00:51]} 43. Rd8 {[%emt 0:00:06]} Rf6+ {[%emt 0:00:22]} 44. Ke2 {[%emt 0:00:04]} Bg3 {[%emt 0:00:08]} 45. e4 {[%emt 0:00:35]} Rf2+ {[%emt 0:00:16]} 46. Ke3 {[%emt 0:00:05]} Rxg2 {[%emt 0:00:07]} 47. d5+ {[%emt 0:01:28]} Ke7 {[%emt 0:00:06]} 48. Rh8 {[%emt 0:00:43]} Rb2 {[%emt 0:00:32]} 0-1

[Event "CZE-ch 2020"]
[Site "Pilsen"]
[Date "2020.08.28"]
[Round "6.20"]
[White "Svanda, Ondrej"]
[Black "Frank, Adam"]
[Result "1-0"]
[WhiteElo "2250"]
[BlackElo "2219"]
[Annotator "TA"]
[PlyCount "85"]
[EventDate "2020.08.23"]
[EventType "swiss"]
[EventCountry "CZE"]
[SourceTitle "playchess.com"]
[Source "ChessBase"]
[SourceQuality "1"]

{[%evp 9,85,2,43,31,34,28,31,11,17,0,10,0,0,-3,18,0,18,12,27,43,35,31,46,34,52,62,67,38,63,46,58,-12,-20,-100,-95,-89,-101,-340,-341,-345,-318,-375,-350,-358,-279,-264,-240,-243,-247,-273,-278,-278,-282,-408,-48,-52,-51,-52,0,-52,0,0,0,0,304,261,410,405,852,855,833,822,825,816,12831,12827,29992,29993]} 1. d4 Nf6 2. c4 d6 3. Nc3 g6 4. Bg5 Bg7 5. e3 Nbd7 6. Be2 {E61: King's Indian: Early deviations for White, including Smyslov System.} c5 7. Nf3 h6 8. Bxf6 {White is slightly better.} (8. Bh4 {is interesting.} g5 9. Bg3 Nh5 10. Qd3 Nb6 11. Nd2) 8... Bxf6 {[#]} 9. h4 $146 ({Predecessor:} 9. Qc2 b6 10. Rd1 Bb7 11. O-O O-O 12. Rfe1 Bg7 13. d5 Ne5 14. a3 {½-½ (14) Lengert,M (1871)-Lagunes,R (1803) St Chely d'Aubrac 2006}) 9... Qa5 10. h5 g5 11. Nd2 Bg7 12. Nb3 $36 {[%mdl 2048] White has the initiative.} Qd8 13. Qc2 b6 14. O-O-O Bb7 15. d5 a6 16. f4 Qc7 17. fxg5 hxg5 18. Ne4 Bh6 19. Nbd2 O-O-O 20. Nf3 (20. Rhf1 $14) 20... g4 $11 21. Nfg5 {[#]} (21. Nh2 $11 {remains equal.}) 21... Ne5 $1 $17 {[%cal Bd7e5,Be5g4,Bg4f6][%mdl 32] ...Rdg8 is the strong threat.} 22. Rdf1 Rdf8 {Hoping for ...Kb8.} 23. Qd1 $2 (23. Ng3 $17) 23... Kb8 $19 24. Bxg4 Rhg8 (24... Nxc4 25. Rh3 $19) 25. Nxf7 Bxe3+ (25... Rxg4 $2 26. Nxe5 Rxf1 27. Rxf1 $19) (25... Nxg4 26. Nxh6 Nxh6 27. Rxf8+ Rxf8 28. g4 $17) (25... Rxf7 26. Be6 $19) 26. Kb1 {Black must now prevent Nxe5.} Nxg4 27. h6 {[#] Black should prevent h7.} Rxf7 $1 28. Rxf7 {Threatens to win with h7.} Bxh6 (28... Nxh6 29. Rf3 $17) 29. Nf6 Nxf6 30. Rxh6 Qc8 31. Rxe7 (31. Qe2 $142 Rf8 32. Rxf8 Qxf8 33. Rh1) 31... Qf5+ $2 ({Black should play} 31... Qf8 $19 32. Rxb7+ Kxb7) 32. Qc2 $1 $15 {[%cal Rc2f5]} Qf1+ 33. Qc1 Qf5+ 34. Qc2 $1 {[%cal Rc2f5]} Bc8 (34... Qf4 $1 $15 35. Qc1 Qd4) 35. Qxf5 $11 Bxf5+ 36. Kc1 Ne4 $2 {[%mdl 8192] [#]} (36... Rf8 $11 {and Black stays safe.}) 37. g4 $1 $18 {[%cal Rg4f5][%mdl 512]} Ng3 (37... Bg6 {was worth a try.} 38. Re6 Bh7) (37... Bxg4 38. Rxe4) 38. Rxd6 ({Not} 38. gxf5 Nxf5 39. Reh7 Nxh6 $11) 38... Bxg4 (38... Ka8 $142 39. Rxb6 (39. gxf5 Nxf5 40. Rde6 Nxe7 $16) 39... Rxg4 40. Rxa6+ Kb8) 39. Rxb6+ {[%mdl 64] Double Attack} Ka8 40. Rxa6+ Kb8 41. Rb6+ Kc8 42. Ra7 {White wants to mate with d6.} Rg5 43. d6 {Never resign too early! Accuracy: White = 72%, Black = 60%.} 1-0

[Event "CZE-ch 2020"]
[Site "Pilsen"]
[Date "2020.08.28"]
[Round "6.21"]
[White "Simet, Martin"]
[Black "Nemec, Pavel"]
[Result "0-1"]
[WhiteElo "2194"]
[BlackElo "2243"]
[Annotator "ChessBase"]
[PlyCount "64"]
[EventDate "2020.08.23"]
[EventType "swiss"]
[EventCountry "CZE"]
[SourceTitle "playchess.com"]
[Source "ChessBase"]
[SourceQuality "1"]
[TimeControl "40/5400+30:1800+30"]

1. e4 {[%emt 0:00:12]} c5 {[%emt 0:00:00]} 2. Nf3 {[%emt 0:00:35]} e6 {[%emt 0:00:00]} 3. d4 {[%emt 0:00:42]} cxd4 {[%emt 0:00:00]} 4. Nxd4 {[%emt 0:00:06]} a6 {[%emt 0:00:19]} 5. Nc3 {[%emt 0:04:53]} d6 {[%emt 0:00:24]} 6. Be2 {[%emt 0:00:34]} Nf6 {[%emt 0:00:17]} 7. Be3 {[%emt 0:01:54]} Nbd7 {[%emt 0:00:19]} 8. f4 {[%emt 0:08:00]} Qc7 {[%emt 0:00:20]} 9. a4 {[%emt 0:02:48]} b6 {[%emt 0:00:35]} 10. Bf3 {[%emt 0:03:48]} Bb7 {[%emt 0:00:18]} 11. Qe2 {[%emt 0:03:14]} Be7 {[%emt 0:00:45]} 12. O-O {[%emt 0:00:42]} O-O {[%emt 0:00:23]} 13. Rae1 {[%emt 0:02:49]} Rac8 {[%emt 0:01:54]} 14. Kh1 {[%emt 0:02:43]} Qb8 {[%emt 0:02:10]} 15. Bd2 {[%emt 0:02:11]} Rfd8 {[%emt 0:10:57]} 16. e5 {[%emt 0:06:05]} Ne8 {[%emt 0:09:58]} 17. f5 {[%emt 0:04:02]} Bxf3 {[%emt 0:05:24]} 18. Rxf3 {[%emt 0:04:10]} Nxe5 {[%emt 0:00:42]} 19. fxe6 {[%emt 0:00:15]} fxe6 {[%emt 0:03:40]} 20. Rh3 {[%emt 0:04:08]} Nf6 {[%emt 0:07:08]} 21. Nxe6 {[%emt 0:04:08]} Rd7 {[%emt 0:00:31]} 22. Ne4 {[%emt 0:07:00]} Rxc2 {[%emt 0:03:30]} 23. Rf1 {[%emt 0:07:11]} Qc8 {[%emt 0:03:41]} 24. Nxf6+ {[%emt 0:12:16]} Bxf6 {[%emt 0:00:01]} 25. Qh5 {[%emt 0:01:38]} g6 {[%emt 0:05:47]} 26. Qd1 {[%emt 0:00:07]} Rf7 {[%emt 0:01:05]} 27. Nf4 {[%emt 0:04:08]} Rc4 {[%emt 0:13:05]} 28. Nd5 {[%emt 0:01:51]} Qe6 {[%emt 0:07:19]} 29. Nxb6 {[%emt 0:01:52]} Rd4 {[%emt 0:02:01]} 30. Qe1 {[%emt 0:02:24]} Bd8 {[%emt 0:00:40]} 31. Rxf7 {[%emt 0:02:21]} Qxf7 {[%emt 0:00:08]} 32. Ba5 {[%emt 0:00:16]} Nd3 {[%emt 0:00:54]} 0-1

[Event "CZE-ch 2020"]
[Site "Pilsen"]
[Date "2020.08.28"]
[Round "6.22"]
[White "Nytra, Ondrej"]
[Black "Kawulok, Marek"]
[Result "1-0"]
[WhiteElo "1925"]
[BlackElo "2226"]
[Annotator "ChessBase"]
[PlyCount "103"]
[EventDate "2020.08.23"]
[EventType "swiss"]
[EventCountry "CZE"]
[SourceTitle "playchess.com"]
[Source "ChessBase"]
[SourceQuality "1"]
[TimeControl "40/5400+30:1800+30"]

1. e4 {[%emt 0:00:00]} c5 {[%emt 0:00:00]} 2. Nf3 {[%emt 0:00:00]} Nc6 {[%emt 0:00:00]} 3. d4 {[%emt 0:00:00]} cxd4 {[%emt 0:00:00]} 4. Nxd4 {[%emt 0:00:00]} g6 {[%emt 0:00:00]} 5. Be2 {[%emt 0:00:00]} Bg7 {[%emt 0:00:00]} 6. Nb3 {[%emt 0:00:01]} Nf6 {[%emt 0:00:09]} 7. Nc3 {[%emt 0:00:04]} O-O {[%emt 0:00:10]} 8. O-O {[%emt 0:00:03]} d6 {[%emt 0:00:12]} 9. Bg5 {[%emt 0:00:03]} Be6 {[%emt 0:00:54]} 10. Kh1 {[%emt 0:00:05]} Rc8 {[%emt 0:03:38]} 11. f4 {[%emt 0:00:07]} Na5 {[%emt 0:09:23]} 12. f5 {[%emt 0:00:42]} Bc4 {[%emt 0:19:59]} 13. Bd3 {[%emt 0:00:31]} Nxb3 {[%emt 0:07:30]} 14. axb3 {[%emt 0:02:09]} Bxd3 {[%emt 0:00:07]} 15. Qxd3 {[%emt 0:01:03]} a6 {[%emt 0:00:16]} 16. Rae1 {[%emt 0:12:49]} Nd7 {[%emt 0:05:58]} 17. Nd5 {[%emt 0:01:39]} Re8 {[%emt 0:00:18]} 18. fxg6 {[%emt 0:09:21]} hxg6 {[%emt 0:00:12]} 19. Qh3 {[%emt 0:00:06]} Rxc2 {[%emt 0:05:46]} 20. Rxf7 {[%emt 0:02:16]} Kxf7 {[%emt 0:04:27]} 21. Nf4 {[%emt 0:14:57]} Nf8 {[%emt 0:00:54]} 22. Rf1 {[%emt 0:01:28]} Bf6 {[%emt 0:11:22]} 23. Qh6 {[%emt 0:15:59]} Rc5 {[%emt 0:03:26]} 24. h4 {[%emt 0:08:51]} Qc8 {[%emt 0:06:54]} 25. Nd3 {[%emt 0:05:17]} Rb5 {[%emt 0:08:27]} 26. e5 {[%emt 0:13:08]} dxe5 {[%emt 0:00:11]} 27. Qh8 {[%emt 0:00:41]} Nd7 {[%emt 0:04:27]} 28. Qh7+ {[%emt 0:00:48]} Ke6 {[%emt 0:00:09]} 29. Qxg6 {[%emt 0:00:23]} Kd6 {[%emt 0:00:23]} 30. Rc1 {[%emt 0:00:40]} Rg8 {[%emt 0:02:17]} 31. Qe4 {[%emt 0:06:32]} Qe8 {[%emt 0:01:42]} 32. Nb4 {[%emt 0:01:36]} Ke6 {[%emt 0:01:21]} 33. Qc4+ {[%emt 0:00:26]} Kf5 {[%emt 0:00:06]} 34. Qd3+ {[%emt 0:01:27]} e4 {[%emt 0:00:09]} 35. Rf1+ {[%emt 0:00:11]} Kg6 {[%emt 0:00:03]} 36. Qxe4+ {[%emt 0:00:03]} Kg7 {[%emt 0:00:11]} 37. Nd5 {[%emt 0:00:39]} Qg6 {[%emt 0:02:36]} 38. Rf5 {[%emt 0:04:23]} Bxg5 {[%emt 0:03:26]} 39. Rxg5 {[%emt 0:00:21]} Qxg5 {[%emt 0:00:08]} 40. hxg5 {[%emt 0:00:03]} e5 {[%emt 0:00:35]} 41. Ne7 {[%emt 0:30:47]} Rh8+ {[%emt 0:02:24]} 42. Kg1 {[%emt 0:00:00]} Rb6 {[%emt 0:00:11]} 43. Nf5+ {[%emt 0:00:00]} Kf8 {[%emt 0:01:05]} 44. Qd5 {[%emt 0:00:00]} Ke8 {[%emt 0:00:45]} 45. g6 {[%emt 0:00:00]} Rxg6 {[%emt 0:02:50]} 46. Qxb7 {[%emt 0:00:00]} Rhg8 {[%emt 0:00:10]} 47. Qc8+ {[%emt 0:00:00]} Kf7 {[%emt 0:00:06]} 48. Qxd7+ {[%emt 0:00:00]} Kf6 {[%emt 0:00:06]} 49. Ne3 {[%emt 0:00:00]} R8g7 {[%emt 0:01:41]} 50. Qd6+ {[%emt 0:00:00]} Kf7 {[%emt 0:00:05]} 51. Qxe5 {[%emt 0:00:00]} Kf8 {[%emt 0:00:17]} 52. Qd5 {[%emt 0:00:00]} 1-0